000 00677nam a2200181 a 4500
008 111007s1984 ||||||||||||||||| || u
020 _a0721611915
050 _aRE 48.2.C5 Nel.
100 _aNelson, Leonard B
245 1 0 _aPediatric ophthalmology
260 _aPhiladelphia:
_bW. B. Saunders Company
_c1984
300 _axiv, 268p. : ill.
350 _a0.00
650 _aPAEDIATRICS
650 _aEYE DISEASE--IN INFANCY AND CHILDHOOD
650 _aPEDIATRIC OPHTHALMOLOGY
995 _aMEDICAL LIBRARY OPEN ACCESS
_D0.00
_e901299
_FCBU-SCHOOL OF MEDICINE LIBRARY (Ndola)
_H1
_I0.00
_jRE 48.2.C5 NEL.
_M1
_UAVAILABLE
_WOct 7, 2011
_y901299
_ZMedical Library Open Access Collection
999 _c32337
_d32337